[Event "IRI-ch (Women)"]
[Site "Tehran"]
[Date "2017.11.06"]
[Round "7"]
[White "Hakimifard, Raana"]
[Black "Hashemi, Seyede Fatemeh"]
[Result "1-0"]
[WhiteElo "2111"]
[BlackElo "1826"]
[PlyCount "89"]
[EventDate "2017.11.02"]
[EventType "swiss"]
[EventRounds "9"]
[EventCountry "IRI"]
[SourceTitle "CBM 181 Extra"]
[Source "ChessBase"]
[SourceDate "2017.12.12"]
[SourceVersion "1"]
[SourceVersionDate "2017.12.12"]
[SourceQuality "1"]

1. d4 Nf6 2. Nf3 g6 3. g3 Bg7 4. Bg2 d6 5. 0-0 0-0 6. b3 Nc6 7. Bb2 Nd7 8. Qc1 e5 9. dxe5 Ndxe5 10. Nxe5 Bxe5 11. Bxe5 Nxe5 12. c4 Nd7 13. Nc3 Nf6 14. Rd1 Qe7 15. Qh6 c6 16. Rd4 Ne8 17. Rad1 Bf5 18. Bf3 f6 19. g4 Be6 20. Qe3 Rd8 21. c5 Kh8 22. Re4 Ng7 23. cxd6 Rxd6 24. Rxd6 Qxd6 25. Qxa7 f5 26. Qd4 Qxd4 27. Rxd4 fxg4 28. Bxg4 Nf5 29. Re4 Bd7 30. Rb4 Bc8 31. e4 c5 32. Rb6 Nd4 33. Bxc8 Rxc8 34. Rxb7 Nf3+ 35. Kg2 Ne1+ 36. Kf1 Nf3 37. h3 c4 38. b4 Rd8 39. Rc7 Rd4 40. b5 Rd2 41. b6 Rc2 42. b7 Rc1+ 43. Kg2 Ne1+ 44. Kh2 Nf3+ 45. Kg3 1-0

[Event "IRI-ch (Women)"]
[Site "Tehran"]
[Date "2017.11.02"]
[Round "1"]
[White "Hakimifard, Raana"]
[Black "Azali, Tannaz"]
[Result "1-0"]
[WhiteElo "2111"]
[BlackElo "1854"]
[PlyCount "65"]
[EventDate "2017.11.02"]
[EventType "swiss"]
[EventRounds "9"]
[EventCountry "IRI"]
[SourceTitle "CBM 181 Extra"]
[Source "ChessBase"]
[SourceDate "2017.12.12"]
[SourceVersion "1"]
[SourceVersionDate "2017.12.12"]
[SourceQuality "1"]

1. e4 c5 2. Nf3 e6 3. d4 cxd4 4. Nxd4 a6 5. Bd3 Nc6 6. Nxc6 dxc6 7. 0-0 e5 8. Nd2 Bc5 9. Nc4 Qe7 10. Qh5 b5 11. Bg5 Qe6 12. Ne3 g6 13. Qe2 f6 14. Bh4 Ne7 15. a4 Bb7 16. c3 0-0 17. Bb1 Kh8 18. Ba2 Qc8 19. Ng4 g5 20. b4 gxh4 21. bxc5 Ng6 22. Nh6 Qc7 23. Qh5 Bc8 24. g3 Bh3 25. Rfd1 Qg7 26. Nf5 Bxf5 27. Qxf5 Qa7 28. Rd7 Qxc5 29. Qh5 Ne7 30. Be6 Kg7 31. Rad1 Rae8 32. Bf5 Rh8 33. Bxh7 1-0

[Event "IRI-ch (Women)"]
[Site "Tehran"]
[Date "2016.01.19"]
[Round "6"]
[White "Hashemi, Seyede Fatemeh"]
[Black "Hakimifard, Raana"]
[Result "1-0"]
[WhiteElo "1812"]
[BlackElo "2073"]
[PlyCount "91"]
[EventDate "2016.01.16"]
[EventType "swiss"]
[EventRounds "9"]
[EventCountry "IRI"]
[SourceTitle "CBM 170 Extra"]
[Source "ChessBase"]
[SourceDate "2016.02.25"]
[SourceVersion "1"]
[SourceVersionDate "2016.02.25"]
[SourceQuality "1"]

1. e4 e5 2. Nc3 Nf6 3. g3 d5 4. exd5 Nxd5 5. Bg2 Nxc3 6. bxc3 Nc6 7. Ne2 Be6 8. d4 Bd5 9. f3 Be7 10. 0-0 0-0 11. Be3 Qd7 12. Qd3 Qe6 13. dxe5 Bc4 14. Qd2 Rad8 15. Nd4 Nxd4 16. cxd4 Bxf1 17. Bxf1 c5 18. c3 cxd4 19. cxd4 Bc5 20. Rc1 Bb6 21. Kg2 Rc8 22. Rd1 Rfd8 23. Bd3 g6 24. Be4 Rc4 25. Bc2 Rcxd4 26. Bxd4 Rxd4 27. Qe2 Qxa2 28. Rxd4 Bxd4 29. f4 b5 30. Kf3 b4 31. Qe4 Bc5 32. Qd3 Kg7 33. f5 Qa3 34. f6+ Kh6 35. Qxa3 bxa3 36. Bb3 Kg5 37. Ke4 Bb4 38. Bxf7 Bc3 39. Ba2 h5 40. Kd5 h4 41. gxh4+ Kxh4 42. Ke6 Kg5 43. f7 Bb4 44. Kd7 Kf5 45. e6 Kf6 46. Ke8 1-0

[Event "IRI-ch (Women)"]
[Site "Tehran"]
[Date "2016.01.17"]
[Round "2"]
[White "Hakimifard, Raana"]
[Black "Mobarhani, Nazanin"]
[Result "1-0"]
[WhiteElo "2073"]
[BlackElo "1856"]
[PlyCount "83"]
[EventDate "2016.01.16"]
[EventType "swiss"]
[EventRounds "9"]
[EventCountry "IRI"]
[SourceTitle "CBM 170 Extra"]
[Source "ChessBase"]
[SourceDate "2016.02.25"]
[SourceVersion "1"]
[SourceVersionDate "2016.02.25"]
[SourceQuality "1"]

1. e4 c5 2. Nf3 d6 3. d4 cxd4 4. Nxd4 Nf6 5. Nc3 g6 6. Be3 Bg7 7. Be2 0-0 8. 0-0 Nc6 9. Kh1 a5 10. f4 Qb6 11. Nxc6 Qxc6 12. e5 dxe5 13. fxe5 Ne8 14. Nd5 Qe6 15. Bc4 Qxe5 16. Bf4 Qe4 17. Nb6 e5 18. Bg5 Rb8 19. Be7 Qc6 20. Bxf8 Bxf8 21. Bxf7+ Kg7 22. Nxc8 Qxc8 23. Qf3 Be7 24. Bxe8 Qxe8 25. Rae1 Qd7 26. Qf7+ Kh8 27. Rd1 Qc7 28. Qe6 Rf8 29. Rxf8+ Bxf8 30. Rd7 Qc6 31. Qxe5+ Kg8 32. Qd5+ Qxd5 33. Rxd5 b6 34. a3 h6 35. c3 Kf7 36. b4 axb4 37. cxb4 Be7 38. Kg1 Ke6 39. Rd3 Bf6 40. Kf2 Ke5 41. Ke2 h5 42. a4 1-0

[Event "Qazvin op (Women) 18th"]
[Site "Qazvin"]
[Date "2015.08.17"]
[Round "6"]
[White "Hakimifard, Raana"]
[Black "Jafari, Golnaz"]
[Result "1/2-1/2"]
[WhiteElo "2084"]
[BlackElo "1907"]
[PlyCount "93"]
[EventDate "2015.08.14"]
[EventType "swiss"]
[EventRounds "11"]
[EventCountry "IRI"]
[SourceTitle "EXT 2016"]
[Source "ChessBase"]
[SourceDate "2015.10.08"]
[SourceVersion "1"]
[SourceVersionDate "2015.10.08"]
[SourceQuality "1"]

1. e4 e6 2. d4 d5 3. exd5 exd5 4. Nf3 Bg4 5. Bd3 Nc6 6. c3 Bd6 7. 0-0 Qd7 8. Nbd2 Nge7 9. Re1 0-0-0 10. a4 Kb8 11. b4 Rde8 12. Ba3 Ng6 13. Rxe8+ Rxe8 14. b5 Nd8 15. Bxd6 Qxd6 16. g3 Qf6 17. Bf1 h5 18. Bg2 h4 19. Qf1 hxg3 20. fxg3 Qd6 21. Qf2 f6 22. Nf1 Nf7 23. Ne3 Be6 24. Re1 Qd7 25. Re2 Nd6 26. Nd2 Qf7 27. Qe1 Rh8 28. Qf2 f5 29. Qf3 Ne4 30. c4 Ng5 31. Qf1 f4 32. Nxd5 fxg3 33. Qxf7 gxh2+ 34. Kh1 Bxf7 35. Nf3 Bxd5 36. cxd5 Nf4 37. Rb2 Nxg2 38. Nxg5 Ne3 39. Nf7 Rf8 40. Ne5 Kc8 41. Kxh2 Nxd5 42. Rg2 Nc3 43. Rxg7 Rd8 44. Kg2 Rxd4 45. Rg8+ Rd8 46. Rg4 Re8 47. Rc4 1/2-1/2

[Event "Qazvin op (Women) 18th"]
[Site "Qazvin"]
[Date "2015.08.16"]
[Round "4"]
[White "Hakimifard, Raana"]
[Black "Bagheri, Taleghani Nadia"]
[Result "1-0"]
[WhiteElo "2084"]
[BlackElo "1775"]
[PlyCount "89"]
[EventDate "2015.08.14"]
[EventType "swiss"]
[EventRounds "11"]
[EventCountry "IRI"]
[SourceTitle "EXT 2016"]
[Source "ChessBase"]
[SourceDate "2015.10.08"]
[SourceVersion "1"]
[SourceVersionDate "2015.10.08"]
[SourceQuality "1"]

1. e4 c5 2. Nf3 e6 3. d4 cxd4 4. Nxd4 a6 5. Bd3 Nf6 6. 0-0 Qc7 7. Qe2 d6 8. c4 g6 9. Nc3 Bg7 10. Rd1 0-0 11. Nf3 Nc6 12. h3 Nd7 13. Bf4 Nde5 14. Rac1 b6 15. b3 Bb7 16. Bb1 Nxf3+ 17. Qxf3 Nd4 18. Qg3 e5 19. Be3 Rac8 20. f3 b5 21. cxb5 Qb6 22. Qf2 axb5 23. Ne2 Rxc1 24. Rxc1 Nxe2+ 25. Qxe2 Qa5 26. Bd3 b4 27. Qd2 Rc8 28. Rxc8+ Bxc8 29. Bc4 Bf8 30. Qd5 Qxd5 31. Bxd5 Ba6 32. Bd2 Be7 33. Bxb4 Kf8 34. a4 Ke8 35. Kf2 f5 36. Be6 f4 37. Bc4 Bxc4 38. bxc4 Kd7 39. Ke2 Bd8 40. c5 dxc5 41. Bxc5 Ba5 42. Kd3 Kc6 43. Kc4 Bd2 44. Bb4 Be3 45. Bc3 1-0

[Event "Qazvin op (Women) 18th"]
[Site "Qazvin"]
[Date "2015.08.15"]
[Round "2"]
[White "Hakimifard, Raana"]
[Black "Kheyrjou, Anahita"]
[Result "1-0"]
[WhiteElo "2084"]
[BlackElo "1678"]
[PlyCount "99"]
[EventDate "2015.08.14"]
[EventType "swiss"]
[EventRounds "11"]
[EventCountry "IRI"]
[SourceTitle "EXT 2016"]
[Source "ChessBase"]
[SourceDate "2015.10.08"]
[SourceVersion "1"]
[SourceVersionDate "2015.10.08"]
[SourceQuality "1"]

1. e4 e5 2. Nf3 Nc6 3. Bc4 Bc5 4. c3 Nf6 5. d3 h6 6. Nbd2 d6 7. 0-0 a6 8. Bb3 Be6 9. Re1 0-0 10. Nf1 Re8 11. Bxe6 fxe6 12. h3 Qe7 13. Ng3 Qf7 14. Be3 Ba7 15. Nh2 Ne7 16. Bxa7 Rxa7 17. Re3 Ng6 18. Ne2 Rf8 19. Kh1 Nh5 20. Rf3 Qe7 21. Ng1 Nf6 22. g3 Raa8 23. b4 c6 24. a4 d5 25. Qc2 Nh7 26. Re3 Ng5 27. exd5 cxd5 28. h4 Nf7 29. Rae1 Qc7 30. Rc1 Rac8 31. Ree1 Ne7 32. Ngf3 Nc6 33. Qe2 b5 34. axb5 axb5 35. Kg1 Qb6 36. Qd2 Rce8 37. Ng4 Qb8 38. Qe3 d4 39. cxd4 exd4 40. Nxd4 Nxb4 41. Qe4 Nd6 42. Qg6 Kh8 43. Nxe6 Rf7 44. Nf4 Rxe1+ 45. Rxe1 Qd8 46. Re6 Rd7 47. Ne5 Nc2 48. Nxd7 Qxd7 49. Rxd6 Qe7 50. Re6 1-0

[Event "Asia rap (Women)"]
[Site "Al Ain"]
[Date "2015.08.11"]
[Round "6"]
[White "Hakimifard, Raana"]
[Black "Shen, Yang"]
[Result "0-1"]
[WhiteElo "2084"]
[BlackElo "2443"]
[PlyCount "92"]
[EventDate "2015.08.11"]
[EventType "swiss (rapid)"]
[EventRounds "7"]
[EventCountry "UAE"]
[SourceTitle "CBM 167 Extra"]
[Source "ChessBase"]
[SourceDate "2015.09.14"]
[SourceVersion "1"]
[SourceVersionDate "2015.09.14"]
[SourceQuality "1"]

1. e4 e5 2. Nf3 Nc6 3. Bc4 Bc5 4. c3 Nf6 5. d3 a6 6. Bb3 0-0 7. 0-0 d6 8. Nbd2 Ba7 9. h3 Na5 10. Bc2 c5 11. Re1 Nc6 12. Nf1 h6 13. Ng3 d5 14. Qe2 Re8 15. Be3 d4 16. Bd2 dxc3 17. bxc3 Be6 18. Nh4 c4 19. Qf3 cxd3 20. Bxd3 Nh7 21. Ngf5 Qf6 22. Qg3 Kh8 23. Ne3 Rad8 24. Nd5 Bxd5 25. exd5 Rxd5 26. Rf1 e4 27. Rae1 Red8 28. Bxe4 Rxd2 29. Nf3 Rxa2 30. Qc7 Na5 31. Rd1 Bxf2+ 32. Kh1 Rxd1 33. Rxd1 Nf8 34. Ne5 Bb6 35. Qb8 Qe7 36. Rd7 Ra1+ 37. Kh2 Bg1+ 38. Kg3 Qg5+ 39. Ng4 Bc5 40. Rxf7 Kg8 41. Rf5 Qe7 42. Bd5+ Kh7 43. Re5 Bd6 44. Be4+ Kh8 45. Kf3 Qf7+ 46. Rf5 Qxf5+ 0-1

[Event "Asian Continental op (Women) 14th"]
[Site "Al Ain"]
[Date "2015.08.09"]
[Round "8"]
[White "Khademalsharieh, Sarasadat"]
[Black "Hakimifard, Raana"]
[Result "1-0"]
[WhiteElo "2412"]
[BlackElo "2084"]
[PlyCount "69"]
[EventDate "2015.08.02"]
[EventType "swiss"]
[EventRounds "9"]
[EventCountry "UAE"]
[SourceTitle "CBM 167 Extra"]
[Source "ChessBase"]
[SourceDate "2015.09.14"]
[SourceVersion "1"]
[SourceVersionDate "2015.09.14"]
[SourceQuality "1"]

1. d4 Nf6 2. c4 e6 3. Nf3 b6 4. g3 Ba6 5. Qa4 c5 6. dxc5 bxc5 7. Bg2 Bb7 8. 0-0 Be7 9. Nc3 0-0 10. Rd1 Qb6 11. Bf4 Na6 12. Qb5 Qxb5 13. Nxb5 Bc6 14. Ne5 Bxg2 15. Kxg2 Rfd8 16. Nd6 Rf8 17. Rd2 Nb8 18. f3 Bxd6 19. Rxd6 Ne8 20. Rdd1 d6 21. Ng4 e5 22. Bd2 Nc6 23. Bc3 f6 24. Rd2 Kf7 25. Rad1 Ke7 26. Ne3 Ke6 27. Nd5 a5 28. Nc7+ Nxc7 29. Rxd6+ Ke7 30. Rd7+ Ke8 31. Rxc7 Nd4 32. Rxc5 Nxe2 33. Bxe5 Rf7 34. Bd6 Rd7 35. Rcd5 1-0

[Event "Asian Continental op (Women) 14th"]
[Site "Al Ain"]
[Date "2015.08.06"]
[Round "5"]
[White "Zhang, Xiaowen"]
[Black "Hakimifard, Raana"]
[Result "1/2-1/2"]
[WhiteElo "2376"]
[BlackElo "2084"]
[PlyCount "52"]
[EventDate "2015.08.02"]
[EventType "swiss"]
[EventRounds "9"]
[EventCountry "UAE"]
[SourceTitle "CBM 167 Extra"]
[Source "ChessBase"]
[SourceDate "2015.09.14"]
[SourceVersion "1"]
[SourceVersionDate "2015.09.14"]
[SourceQuality "1"]

1. e4 e5 2. Nf3 Nc6 3. Bb5 a6 4. Ba4 Nf6 5. 0-0 Be7 6. Re1 b5 7. Bb3 0-0 8. a4 Bb7 9. d3 Re8 10. Nbd2 Bf8 11. Nf1 h6 12. c3 d5 13. exd5 Nxd5 14. d4 e4 15. N3d2 Na5 16. Ba2 b4 17. Nxe4 bxc3 18. Nxc3 Rxe1 19. Qxe1 Nb4 20. Qd1 Nxa2 21. Rxa2 Qf6 22. Be3 Rd8 23. Qc2 Nc6 24. Qb3 Na5 25. Qc2 Nc6 26. Qb3 Na5 1/2-1/2

[Event "Asian Continental op (Women) 14th"]
[Site "Al Ain"]
[Date "2015.08.05"]
[Round "4"]
[White "Hakimifard, Raana"]
[Black "Dauletova, Gulmira"]
[Result "1/2-1/2"]
[WhiteElo "2084"]
[BlackElo "2278"]
[PlyCount "73"]
[EventDate "2015.08.02"]
[EventType "swiss"]
[EventRounds "9"]
[EventCountry "UAE"]
[SourceTitle "CBM 167 Extra"]
[Source "ChessBase"]
[SourceDate "2015.09.14"]
[SourceVersion "1"]
[SourceVersionDate "2015.09.14"]
[SourceQuality "1"]

1. e4 c5 2. Nf3 e6 3. d4 cxd4 4. Nxd4 a6 5. Bd3 Ne7 6. 0-0 Nbc6 7. Nxc6 Nxc6 8. Nc3 Be7 9. f4 b5 10. Qg4 0-0 11. a4 b4 12. Ne2 f6 13. Rf3 d5 14. Rg3 Rf7 15. Qf3 f5 16. exf5 exf5 17. Be3 Bf6 18. c3 bxc3 19. bxc3 Qa5 20. Bd2 Be6 21. Qe3 Re7 22. Bc2 Rc8 23. Qd3 Qc5+ 24. Be3 d4 25. cxd4 Nb4 26. dxc5 Nxd3 27. Bd4 Bxd4+ 28. Nxd4 Nxf4 29. Nxe6 Nxe6 30. Bxf5 Rxc5 31. Bd3 Nc7 32. Rf3 g6 33. Raf1 Kg7 34. Rf6 Rc3 35. Bb1 Nd5 36. R6f2 Rc4 37. Bc2 1/2-1/2

[Event "Asian Continental op (Women) 14th"]
[Site "Al Ain"]
[Date "2015.08.04"]
[Round "3"]
[White "Hakimifard, Raana"]
[Black "Aulia, Medina Warda"]
[Result "0-1"]
[WhiteElo "2084"]
[BlackElo "2412"]
[PlyCount "68"]
[EventDate "2015.08.02"]
[EventType "swiss"]
[EventRounds "9"]
[EventCountry "UAE"]
[SourceTitle "CBM 167 Extra"]
[Source "ChessBase"]
[SourceDate "2015.09.14"]
[SourceVersion "1"]
[SourceVersionDate "2015.09.14"]
[SourceQuality "1"]

1. e4 e6 2. d4 d5 3. exd5 exd5 4. Nf3 Nc6 5. Bd3 Bg4 6. c3 Bd6 7. h3 Bh5 8. Be3 Nge7 9. Nbd2 Qd7 10. Qc2 f5 11. g3 h6 12. Nh4 g6 13. g4 fxg4 14. Nxg6 Rg8 15. Nxe7 Nxe7 16. 0-0-0 gxh3 17. Rde1 0-0-0 18. Bxh6 h2 19. c4 dxc4 20. Bxc4 Rg6 21. Qxg6 Nxg6 22. Be6 Qxe6 23. Rxe6 Nf4 24. Rf6 Rg8 25. Nf1 Rg1 26. Rxh2 Rxf1+ 27. Kd2 Bb4+ 28. Ke3 Nd5+ 29. Ke4 Nxf6+ 30. Kf5 Ng4 31. Rxh5 Nxh6+ 32. Rxh6 Rxf2+ 33. Ke6 Re2+ 34. Kd5 Rxb2 0-1

[Event "Asian Continental op (Women) 14th"]
[Site "Al Ain"]
[Date "2015.08.03"]
[Round "2"]
[White "Pham, Le Thao Nguyen"]
[Black "Hakimifard, Raana"]
[Result "0-1"]
[WhiteElo "2332"]
[BlackElo "2084"]
[PlyCount "112"]
[EventDate "2015.08.02"]
[EventType "swiss"]
[EventRounds "9"]
[EventCountry "UAE"]
[SourceTitle "CBM 167 Extra"]
[Source "ChessBase"]
[SourceDate "2015.09.14"]
[SourceVersion "1"]
[SourceVersionDate "2015.09.14"]
[SourceQuality "1"]

1. e4 e5 2. Nf3 Nc6 3. Bc4 Bc5 4. c3 Nf6 5. d3 d6 6. 0-0 0-0 7. Bb3 a6 8. Nbd2 Ba7 9. Re1 Ng4 10. Re2 Kh8 11. h3 Nh6 12. Nf1 f5 13. N1h2 f4 14. Bd5 Qf6 15. Bxc6 bxc6 16. d4 Nf7 17. b3 g5 18. Ba3 Rg8 19. dxe5 dxe5 20. Ng4 Bxg4 21. hxg4 h5 22. Nh2 Rad8 23. Rd2 Nh6 24. Rxd8 Rxd8 25. Qe2 hxg4 26. Nxg4 f3 27. Qxf3 Nxg4 28. Qxg4 Bxf2+ 29. Kh1 Kg7 30. g3 Be3 31. Qf5 Qh6+ 32. Kg2 Rd2+ 33. Kf3 Qh5+ 34. Qg4 Rf2+ 35. Kxe3 Qxg4 36. Kxf2 Qxe4 37. Re1 Qf5+ 38. Kg2 g4 39. Bc5 Qf3+ 40. Kh2 Qxc3 41. Bf2 Kf6 42. Kg2 Qb2 43. Re3 Kf5 44. a4 e4 45. Kf1 c5 46. Be1 c4 47. bxc4 Qc2 48. a5 Qxc4+ 49. Kf2 c5 50. Bd2 Qa2 51. Ke1 Ke5 52. Kd1 Qb1+ 53. Ke2 Qb2 54. Kd1 Kd4 55. Re2 Qa3 56. Bf4 e3 0-1

[Event "Asian Continental op (Women) 14th"]
[Site "Al Ain"]
[Date "2015.08.02"]
[Round "1"]
[White "Hakimifard, Raana"]
[Black "Sachdev, Tania"]
[Result "1-0"]
[WhiteElo "2084"]
[BlackElo "2390"]
[PlyCount "71"]
[EventDate "2015.08.02"]
[EventType "swiss"]
[EventRounds "9"]
[EventCountry "UAE"]
[SourceTitle "CBM 167 Extra"]
[Source "ChessBase"]
[SourceDate "2015.09.14"]
[SourceVersion "1"]
[SourceVersionDate "2015.09.14"]
[SourceQuality "1"]

1. e4 e5 2. Nf3 Nc6 3. Bc4 Nf6 4. d3 Be7 5. c3 0-0 6. 0-0 d6 7. Bb3 Be6 8. Nbd2 d5 9. Re1 dxe4 10. dxe4 Qe8 11. Nc4 Nd7 12. Bg5 Qd8 13. Be3 a6 14. h3 h6 15. Qc2 Qc8 16. Rad1 Re8 17. Bc1 Bf8 18. Ne3 Bxb3 19. axb3 Nc5 20. Ng4 h5 21. Ne3 a5 22. Nd5 Nd7 23. Qd2 Nb6 24. Qg5 Nxd5 25. exd5 f6 26. Qxh5 Ne7 27. Nh4 Rd8 28. c4 b5 29. Re3 a4 30. Rg3 axb3 31. Bh6 Rd6 32. c5 Rxd5 33. Rxd5 Nxd5 34. Bxg7 Bxg7 35. Nf5 Qd7 36. Qh6 1-0

[Event "IRI-chT (Women) 8th"]
[Site "Qazvin"]
[Date "2014.12.30"]
[Round "3.1"]
[White "Nadernia, Nikta"]
[Black "Hakimifard, Raana"]
[Result "0-1"]
[WhiteElo "1568"]
[BlackElo "2001"]
[PlyCount "84"]
[EventDate "2014.12.29"]
[EventType "team-tourn"]
[EventRounds "7"]
[EventCountry "IRI"]
[SourceTitle "CBM 164 Extra"]
[Source "ChessBase"]
[SourceDate "2015.03.02"]
[SourceVersion "1"]
[SourceVersionDate "2015.03.02"]
[SourceQuality "1"]
[WhiteTeam "Behkak Zarin Golestan (W)"]
[BlackTeam "Esteghlal (W)"]
[WhiteTeamCountry "IRI"]
[BlackTeamCountry "IRI"]

1. e4 e5 2. Nc3 Nc6 3. Bc4 Bc5 4. Qg4 Qf6 5. Nd5 Qxf2+ 6. Kd1 Kf8 7. Nh3 h5 8. Qg5 Qd4 9. d3 Be7 10. Qf5 Qc5 11. Rf1 Nf6 12. Be3 Qd6 13. Ng5 Nd8 14. Nxf6 Qxf6 15. Kd2 Qxf5 16. Rxf5 Bf6 17. c3 d6 18. Rf2 Ke7 19. d4 b6 20. a4 Bb7 21. Kd3 Re8 22. h3 Ne6 23. Nxe6 fxe6 24. Raf1 h4 25. d5 exd5 26. exd5 c6 27. Ke4 Rac8 28. b3 cxd5+ 29. Bxd5 Bxd5+ 30. Kxd5 Rxc3 31. Bg5 Rc5+ 32. Ke4 Bxg5 33. Rf7+ Ke6 34. Rxg7 d5+ 35. Kd3 e4+ 36. Ke2 Rc2+ 37. Kd1 Rc1+ 38. Ke2 Rxf1 39. Kxf1 Be7 40. Ke2 Rc8 41. Ke3 Rc3+ 42. Kd2 Rxb3 0-1

[Event "IRI-ch (Women)"]
[Site "Tehran"]
[Date "2014.12.11"]
[Round "6"]
[White "Hakimifard, Raana"]
[Black "Pourkashiyan, Atousa"]
[Result "0-1"]
[WhiteElo "2001"]
[BlackElo "2312"]
[PlyCount "294"]
[EventDate "2014.12.07"]
[EventType "swiss"]
[EventRounds "11"]
[EventCountry "IRI"]
[SourceTitle "CBM 163 Extra"]
[Source "ChessBase"]
[SourceDate "2014.12.23"]
[SourceVersion "1"]
[SourceVersionDate "2014.12.23"]
[SourceQuality "1"]

1. e4 c5 2. Nf3 d6 3. d4 cxd4 4. Nxd4 Nf6 5. Nc3 a6 6. g3 e5 7. Nde2 b5 8. Bg2 Bb7 9. h3 Nbd7 10. g4 b4 11. Nd5 Nxd5 12. exd5 h5 13. gxh5 Rc8 14. a3 Qh4 15. axb4 Qxb4+ 16. c3 Qb5 17. b3 Nc5 18. Be3 Qxb3 19. Rb1 Qxd1+ 20. Kxd1 Ba8 21. Rb6 a5 22. Bxc5 dxc5 23. Ra6 c4 24. Ng3 Bc5 25. Ke2 Rh6 26. Rxa5 Rb6 27. Ra2 Kf8 28. Rd1 Bb7 29. Rdd2 Bd6 30. Rab2 Rxb2 31. Rxb2 Ba8 32. Nf5 Rb8 33. Rxb8+ Bxb8 34. Ne3 Bb7 35. Kd2 Ba6 36. Kc2 Ke7 37. Be4 Kf6 38. h4 Bb5 39. Kd1 Ba6 40. Ke2 Bc8 41. Kf3 Ba6 42. Kg2 Bc7 43. Bf3 Ba5 44. Bg4 Bxc3 45. d6 Bb7+ 46. Kg3 Bb4 47. Nxc4 Bd5 48. Nb6 Bc6 49. Nc8 e4 50. Kh3 Ke5 51. d7 Ba5 52. Ne7 Bb5 53. Nf5 Bxd7 54. Nxg7 f5 55. Bd1 Kf6 56. h6 Kg6 57. Bh5+ Kxh6 58. Be8 Bc8 59. Nh5 Bc7 60. Kg2 f4 61. Nf6 Bb7 62. Kh3 f3 63. Bd7 Kg6 64. Ng4 Bf4 65. Be8+ Kg7 66. Bd7 Ba6 67. h5 e3 68. fxe3 Bd6 69. Bc6 Bf1+ 70. Kh4 Be2 71. h6+ Kh8 72. Be4 Bc7 73. Kg5 Bg3 74. Bxf3 Bxf3 75. Nf6 Bf2 76. Kf4 Bc6 77. e4 Be1 78. Kf5 Bd2 79. Kg6 Bb5 80. e5 Bd3+ 81. Kh5 Bf5 82. Ng4 Kg8 83. Nf6+ Kf7 84. Ng4 Bg6+ 85. Kh4 Be1+ 86. Kg5 Bd2+ 87. Kh4 Ke6 88. Kg3 Kf5 89. Kh3 Kg5 90. Nh2 Bc3 91. Nf3+ Kf4 92. Nh4 Bh7 93. e6 Bf6 94. Ng2+ Kg5 95. Ne3 Be4 96. Kg3 Be5+ 97. Kh3 Bd6 98. Nc4 Bc5 99. Nd2 Bf5+ 100. Kg2 Kxh6 101. Kf3 Bxe6 102. Ke4 Ba2 103. Nf3 Kg7 104. Ne5 Ba3 105. Kf5 Kf8 106. Ng6+ Ke8 107. Nf4 Ke7 108. Ng6+ Kd6 109. Nh4 Bb1+ 110. Kg4 Bc1 111. Nf3 Be3 112. Ne1 Ke6 113. Nf3 Bc2 114. Kg3 Kf5 115. Nh4+ Ke4 116. Ng2 Bd2 117. Kf2 Bd1 118. Ne1 Be3+ 119. Kg3 Be2 120. Ng2 Bc5 121. Nh4 Bd6+ 122. Kf2 Bc4 123. Ng2 Bc5+ 124. Kg3 Kd3 125. Nf4+ Ke3 126. Ng2+ Ke2 127. Nf4+ Kf1 128. Kg4 Kf2 129. Kf5 Ke3 130. Ng2+ Kf3 131. Nf4 Bd4 132. Ne6 Bd3+ 133. Kg5 Be5 134. Nc5 Bc2 135. Nd7 Bg7 136. Nc5 Bf8 137. Ne6 Be7+ 138. Kh6 Kg4 139. Kg7 Bb3 140. Nd4 Bd5 141. Nb5 Kf5 142. Nc7 Bc4 143. Ne8 Ke6 144. Kg6 Bd3+ 145. Kh6 Kf7 146. Nc7 Bc4 147. Kh5 Bd8 0-1

[Event "IRI-ch (Women)"]
[Site "Tehran"]
[Date "2014.12.11"]
[Round "7"]
[White "Karimi, Yeganeh"]
[Black "Hakimifard, Raana"]
[Result "1/2-1/2"]
[WhiteElo "1856"]
[BlackElo "2001"]
[PlyCount "80"]
[EventDate "2014.12.07"]
[EventType "swiss"]
[EventRounds "11"]
[EventCountry "IRI"]
[SourceTitle "CBM 163 Extra"]
[Source "ChessBase"]
[SourceDate "2014.12.23"]
[SourceVersion "1"]
[SourceVersionDate "2014.12.23"]
[SourceQuality "1"]

1. e4 e5 2. Nf3 Nc6 3. Nc3 Nf6 4. d4 exd4 5. Nxd4 Bb4 6. Nxc6 bxc6 7. Bd3 d5 8. exd5 cxd5 9. 0-0 0-0 10. Bg5 c6 11. Qf3 Bd6 12. Rfe1 Rb8 13. Rab1 h6 14. Bxf6 Qxf6 15. Qxf6 gxf6 16. Ne2 c5 17. c4 Ba6 18. b3 Rb4 19. Rbc1 Rfb8 20. Ng3 dxc4 21. Bxc4 Bxc4 22. Rxc4 Rxc4 23. bxc4 Be5 24. Nf5 Rb2 25. Nxh6+ Kf8 26. Nf5 Rxa2 27. Kf1 a5 28. Rd1 Ra1 29. Rxa1 Bxa1 30. Ke2 Be5 31. Kd3 a4 32. Kc2 Bxh2 33. Kb2 Bg1 34. f3 Ke8 35. Ka3 Kd7 36. Kxa4 Ke6 37. Ng3 f5 38. Ne2 Be3 39. Kb5 Kd6 40. Kb6 Bf2 1/2-1/2

[Event "Tehran Behin Cup 2nd"]
[Site "Tehran"]
[Date "2014.11.16"]
[Round "2"]
[White "Ghaem Maghami, Ehsan"]
[Black "Hakimifard, Raana"]
[Result "1-0"]
[WhiteElo "2559"]
[BlackElo "1906"]
[PlyCount "45"]
[EventDate "2014.11.15"]
[EventType "swiss"]
[EventRounds "9"]
[EventCountry "IRI"]
[SourceTitle "CBM 163 Extra"]
[Source "ChessBase"]
[SourceDate "2014.12.23"]
[SourceVersion "1"]
[SourceVersionDate "2014.12.23"]
[SourceQuality "1"]

1. Nf3 Nf6 2. c4 c5 3. Nc3 d5 4. cxd5 Nxd5 5. e3 Nc6 6. d4 e6 7. Bd3 Be7 8. 0-0 0-0 9. a3 b6 10. Qc2 g6 11. dxc5 bxc5 12. Be4 f5 13. Bxd5 exd5 14. Rd1 Be6 15. Ne2 Qd6 16. b3 Bf6 17. Bb2 Bxb2 18. Qxb2 Rab8 19. Nf4 d4 20. Nxe6 Qxe6 21. exd4 Rxb3 22. Qa2 Nxd4 23. Rxd4 1-0

[Event "Wch U16 Girls"]
[Site "Maribor"]
[Date "2012.11.12"]
[Round "6.4"]
[White "Lei, Tingjie"]
[Black "Hakimifard, Raana"]
[Result "1-0"]
[WhiteElo "2231"]
[BlackElo "1954"]
[PlyCount "147"]
[EventDate "2012.11.08"]
[EventType "swiss"]
[EventRounds "11"]
[EventCountry "SLO"]
[SourceTitle "EXT 2013"]
[Source "ChessBase"]
[SourceDate "2012.11.22"]
[SourceVersion "1"]
[SourceVersionDate "2012.11.22"]
[SourceQuality "1"]

1. Nf3 Nf6 2. c4 c5 3. g3 g6 4. Nc3 Bg7 5. d4 cxd4 6. Nxd4 Nc6 7. Bg2 0-0 8. 0-0 Nxd4 9. Qxd4 d6 10. Qd3 a6 11. Bd2 Rb8 12. c5 dxc5 13. Qxd8 Rxd8 14. Bf4 Ra8 15. Rfd1 Re8 16. Rac1 Ra7 17. Na4 Nd7 18. Nxc5 Nxc5 19. Rxc5 Bxb2 20. Rc7 Bf6 21. Bc6 Rf8 22. Bh6 Bg7 23. Be3 Ra8 24. Bxb7 Bxb7 25. Rxb7 Bf6 26. g4 Rfb8 27. Rxb8+ Rxb8 28. Rd7 Kf8 29. Ra7 Rb4 30. Rxa6 Rxg4+ 31. Kf1 Ke8 32. Ra7 Rc4 33. a4 Bd4 34. Bxd4 Rxd4 35. e3 Rd6 36. Ke2 Re6 37. Rc7 Kd8 38. Rc4 Kd7 39. Kd3 Re5 40. Rh4 h5 41. Rd4+ Kc6 42. Re4 Rd5+ 43. Kc3 e5 44. f4 f6 45. Kb4 Kb6 46. fxe5 fxe5 47. h4 Rc5 48. Rc4 Rd5 49. Rc8 Rd3 50. a5+ Kb7 51. Rc3 Rd1 52. Rc4 Rd3 53. Rc3 Rd1 54. Rc5 Rh1 55. Rc4 Rh3 56. Re4 Kc6 57. a6 Kb6 58. a7 Kxa7 59. Kc5 Kb7 60. Kd5 Kc7 61. Kxe5 Rf3 62. Ke6 Kd8 63. Rd4+ Ke8 64. Re4 Kf8 65. Rf4+ Rxf4 66. exf4 Kg7 67. Ke7 Kg8 68. Kf6 Kh7 69. Kf7 Kh6 70. Kg8 g5 71. fxg5+ Kg6 72. Kf8 Kh7 73. Kf7 Kh8 74. Kg6 1-0